| 000 | 00703nam a22002177a 4500 | ||
|---|---|---|---|
| 999 |
_c14546 _d14546 |
||
| 003 | AR-CdUCM | ||
| 008 | 190423b ||||| |||| 00| 0 spa d | ||
| 020 | _a978-84-7864-914-3 | ||
| 040 |
_aMUNICIPALIDAD PROVINCIAL DEL CUSCO _cBIBLIOTECA MUNICIPAL DEL CUSCO |
||
| 082 |
_aPI / 376.1 / _bC27 |
||
| 100 |
_aCarter, David A _933354 |
||
| 110 |
_aCombel _932671 |
||
| 245 |
_aUn punto rojo : _bUn libro lleno de sorpresas para pequeños y mayores / |
||
| 260 |
_aBarcelona : _bCombel, _c2004. |
||
| 300 |
_bilustraciones, graficos, dibujos, maquetas _c23 cm. |
||
| 500 | _aCuentos armables | ||
| 650 |
_aCuentos _9217 |
||
| 650 |
_aHistorias _9862 |
||
| 942 |
_2ddc _cLIBROS |
||
| 945 |
_apjha _d2019-04-23 |
||